<?xml version="1.0" encoding="UTF-8"?>
<record
    xmlns:xsi="http://www.w3.org/2001/XMLSchema-instance"
    xsi:schemaLocation="http://www.loc.gov/MARC21/slim http://www.loc.gov/standards/marcxml/schema/MARC21slim.xsd"
    xmlns="http://www.loc.gov/MARC21/slim">

  <leader>01184nam a22002057a 4500</leader>
  <controlfield tag="003">OSt</controlfield>
  <controlfield tag="005">20240805062311.0</controlfield>
  <controlfield tag="008">240805b        |||||||| |||| 00| 0 eng d</controlfield>
  <datafield tag="020" ind1=" " ind2=" ">
    <subfield code="a">9781133273431 (pbk)</subfield>
    <subfield code="c">N/A</subfield>
  </datafield>
  <datafield tag="040" ind1=" " ind2=" ">
    <subfield code="c">n</subfield>
  </datafield>
  <datafield tag="082" ind1=" " ind2=" ">
    <subfield code="a">658.83 Z64 2013</subfield>
  </datafield>
  <datafield tag="100" ind1=" " ind2=" ">
    <subfield code="a">Zikmund, William G</subfield>
  </datafield>
  <datafield tag="245" ind1=" " ind2=" ">
    <subfield code="a">Essentials of marketing research /</subfield>
    <subfield code="c">William G. Zikmund, Barry J. Babin</subfield>
  </datafield>
  <datafield tag="250" ind1=" " ind2=" ">
    <subfield code="a">5th edition.</subfield>
  </datafield>
  <datafield tag="260" ind1=" " ind2=" ">
    <subfield code="b">Cengage Learning, Mason, Ohio, 2013</subfield>
  </datafield>
  <datafield tag="300" ind1=" " ind2=" ">
    <subfield code="a">xxiv, 452 p. : ill. (chiefly col.) ; 25 cm.</subfield>
  </datafield>
  <datafield tag="520" ind1=" " ind2=" ">
    <subfield code="a">Placing readers in the role of manager, this book offers concise coverage that helps readers use marketing research to make effective business decisions. Readers also learn to perform basic, core marketing research tasks. The book addresses the design, collection, analysis, and reporting of marketing research data relevant to a firm's current and future needs. Reflecting the latest developments from the field, this edition also features an increased emphasis on behavioral tracking, social networking, smart phones, and the resulting impact on marketing research</subfield>
  </datafield>
  <datafield tag="650" ind1=" " ind2=" ">
    <subfield code="z">Marketing l Marketing research Study and teaching</subfield>
  </datafield>
  <datafield tag="942" ind1=" " ind2=" ">
    <subfield code="2">ddc</subfield>
    <subfield code="c">BK-EN</subfield>
    <subfield code="n">0</subfield>
  </datafield>
  <datafield tag="999" ind1=" " ind2=" ">
    <subfield code="c">7096</subfield>
    <subfield code="d">7096</subfield>
  </datafield>
  <datafield tag="952" ind1=" " ind2=" ">
    <subfield code="0">0</subfield>
    <subfield code="1">0</subfield>
    <subfield code="2">ddc</subfield>
    <subfield code="4">0</subfield>
    <subfield code="7">0</subfield>
    <subfield code="a">CENTRAL</subfield>
    <subfield code="b">CENTRAL</subfield>
    <subfield code="d">2024-08-05</subfield>
    <subfield code="l">0</subfield>
    <subfield code="o">658.83 Z64 2013</subfield>
    <subfield code="p">1000000020024</subfield>
    <subfield code="r">2024-08-05 06:24:44</subfield>
    <subfield code="w">2024-08-05</subfield>
    <subfield code="y">BK-EN</subfield>
  </datafield>
</record>
